TV Shows Lead Characters (A-Z) Quiz Stats

Quiz Updated May 15, 2017

Also try: TV Shows A-Z
Challenge
Share
Tweet
Embed
Score 0/26 Timer 05:00
3 Plays Today
Question Answer Wrong Answers
Breaking Bad (2008 - 2013) Walter White
93.6%
Walter Bishop
2.1%
Walter O'Brien
2.1%
Walter Skinner
1.6%
Futurama (1999 - 2013) Philip J. Fry
84.6%
Joe Friday
3.4%
Philip Gerard
3.9%
Doug Heffernan
5.4%
The X-Files (1993 - 2002) Dana Scully
84.2%
Rachel Zane
3.2%
Willow Rosenberg
3.3%
Laura Holt
4.1%
Elementary (2012-) Sherlock Holmes
81.6%
Jim Rockford
4.2%
Shawn Spencer
8.2%
Adrian Monk
3.4%
Ugly Betty (2006 - 2010) Betty Suarez
75.2%
Betty Rubble
3.2%
Betty Draper
7.3%
Betty DeVille
9.2%
House of Cards (2013 -) Francis Underwood
72.1%
Harold Finch
11.9%
Donnie Hendrix
4.7%
Connor Walsh
7.7%
Murder, She Wrote (1984 - 1996) Jessica Fletcher
68.6%
Angela Channing
12.8%
Jane Marple
10.6%
Emma Peel
3.7%
Yu-Gi-Oh! (1998) Yugi Muto
66%
Turanga Leela
4.8%
Yanma
8.7%
Itachi Uchiha
14.2%
Law & Order: Special Victims Unit (1999 -) Olivia Benson
63.2%
Olivia Dunham
10.8%
Olivia Pope
13%
Olivia Walton
8.7%
Who's the Boss? (1984 - 1992) Tony Micelli
61.8%
Tony Almeida
16.7%
Joey Tribbiani
5.2%
Michael Mancini
10.1%
Zorro (1957 - 1959) Diego de la Vega
61.1%
Federico Díaz
15.9%
Víctor Sifuentes
8%
Fernando Sucre
8.3%
Quantum Leap (1989 - 1993) Dr. Sam Beckett
60.5%
Dr. Mark Sloan
12.3%
Dr. Richard Kimble
11.9%
Dr. Leonard McCoy
9.7%
Prison Break (2005 - 2009) Michael Scofield
58.8%
Michael Westen
20%
Michael Bluth
5.8%
Michael Scott
10.5%
Twin Peaks (1990 - 1991) Dale Cooper
57.7%
Aaron Hotchner
13.3%
Fox Mulder
7.3%
Ryan Booth
15.5%
I Dream of Jeannie (1965 - 1970) Tony Nelson
55.6%
Harvey Specter
12%
Merrill Stubing
11.5%
Sherman T. Potter
16.5%
Ghost Whisperer (2005-2010) Melinda Gordon
55.2%
Allison DuBois
26.8%
Patrick Jane
7.3%
Warren Bettany
6.5%
Arrow (2012 -) Oliver Queen
53.4%
Peter Quinn
21.2%
Barry Allen
12.4%
Hal Jordan
10.8%
Veep (2012 -) Selina Meyer
53.1%
Elizabeth McCord
22.1%
Elaine Benes
12.9%
Kalinda Sharma
5.7%
Kung Fu (1972 - 1975) Kwai Chang Caine
51.1%
Hop Sing
14.4%
Raj Koothrappali
5.1%
Hiro Nakamura
24.2%
Orphan Black (2013 -) Sarah Manning
49.9%
Sara Tancredi
16.7%
Sara Sidle
14.6%
Sarah Connor
13%
Revenge (2011 - 2015) Emily Thorne
47.8%
Elizabeth Keen
13.4%
Elizabeth Jennings
16.8%
Emily Prentiss
16%
Damages (2007-2012) Patty Hewes
46.4%
Patty Duke
14.2%
Peppermint Patty
5.8%
Patricia Fearing
29.4%
NCIS (2003 -) Leroy Jethro Gibbs
45%
Wes Gibbins
21.4%
Gil Grissom
19.6%
Virgil Tibbs
9.2%
Suits (2011 -) Mike Ross
42.2%
Asher Millstone
16%
Denny Crane
12.7%
Will Gardner
22.8%
Justified (2010 - 2015) Raylan Givens
36.5%
Ryan Hardy
19.4%
Raymond Langston
27%
Ray Barone
11.4%
CSI: Las Vegas (2000 - 2015) D.B. Russell
31.8%
Jimmy McGill
19.2%
Horatio Caine
25.3%
Mac Taylor
20.8%

You're not logged in!

Compare scores with friends on all Sporcle quizzes.
Sign Up with Email
OR
Log In

You Might Also Like...

Show Comments

Extras

Top Quizzes Today


Score Distribution

Your Account Isn't Verified!

In order to create a playlist on Sporcle, you need to verify the email address you used during registration. Go to your Sporcle Settings to finish the process.